Finančná analýza a jej praktické využitie
Investovanie so zámerom získania ďalších peňazí. Termínované vklady bánk a úroky z nich k dosiahnutiu vyšších výnosov. Dosahovanie vyššieho nominálneho výnosu, než predstavuje inflácia. Niekoľko spôsobov analýzy cenných papierov. Technická analýza. Fundamentálna analýza.
Salvato in:
| Autore principale: | |
|---|---|
| Natura: | Capitolo di libro |
| Lingua: | slovacco |
| Soggetti: | |
| Tags: |
Nessun Tag, puoi essere il primo ad aggiungerne!!
|
MARC
| LEADER | 00000naa a2200000 4500 | ||
|---|---|---|---|
| 001 | r034573 | ||
| 005 | 20230809075004.1 | ||
| 041 | 0 | |a slo | |
| 044 | |a SK | ||
| 245 | 1 | 0 | |a Finančná analýza a jej praktické využitie |c Daniel Jánoš |
| 520 | |a Investovanie so zámerom získania ďalších peňazí. Termínované vklady bánk a úroky z nich k dosiahnutiu vyšších výnosov. Dosahovanie vyššieho nominálneho výnosu, než predstavuje inflácia. Niekoľko spôsobov analýzy cenných papierov. Technická analýza. Fundamentálna analýza. | ||
| 610 | 2 | 0 | |a analýza finančná |
| 610 | 2 | 0 | |a investovanie |
| 610 | 2 | 0 | |a úrok |
| 610 | 2 | 0 | |a papiere cenné |
| 610 | 2 | 0 | |a výnosy |
| 610 | 2 | 0 | |a analýza fundamentálna |
| 610 | 2 | 0 | |a analýza technická |
| 100 | 1 | |a Jánoš, Daniel | |